Moderné stratégie riadenia rizík v globálnych zásobovacích reťazcoch v podmienkach slovenských podnikov (komparatívna analýza, benchmarking) zborník príspevkov riešiteľov projektu mladých vedeckých pracovníkov číslo 2316071
Salvato in:
| Ente Autore: | |
|---|---|
| Altri autori: | |
| Natura: | Libro |
| Lingua: | slovacco |
| Pubblicazione: |
Bratislava
Vydavateľstvo EKONÓM
2010
|
| Soggetti: | |
| Tags: |
Nessun Tag, puoi essere il primo ad aggiungerne!!
|
MARC
| LEADER | 00000nam a2200000 4500 | ||
|---|---|---|---|
| 001 | 0122826 | ||
| 005 | 20240502072404.6 | ||
| 020 | |a 978-80-225-3114-6 | ||
| 041 | 0 | |a slo | |
| 044 | |a SK | ||
| 245 | 1 | 0 | |a Moderné stratégie riadenia rizík v globálnych zásobovacích reťazcoch v podmienkach slovenských podnikov (komparatívna analýza, benchmarking) |b zborník príspevkov riešiteľov projektu mladých vedeckých pracovníkov číslo 2316071 |c zborník zostavila Lucia Furdová |
| 264 | 1 | |a Bratislava |b Vydavateľstvo EKONÓM |c 2010 | |
| 300 | |a 25 s. | ||
| 610 | 2 | 0 | |a riadenie rizík |
| 610 | 2 | 0 | |a zásobovanie |
| 610 | 2 | 0 | |a reťazce logistické |
| 610 | 2 | 0 | |a analýza komparatívna |
| 610 | 2 | 0 | |a benchmarking |
| 700 | 1 | |a Furdová, Lucia, 1984- | |
| 710 | 2 | |a Obchodná fakulta EU. Katedra medzinárodného obchodu | |